| 000 | 00774nam a2200229Ia 4500 | ||
|---|---|---|---|
| 003 | GCL | ||
| 005 | 20240530104925.0 | ||
| 008 | 140319s9999 xx 000 0 ara d | ||
| 040 |
_aGCL / _cGCL |
||
| 082 | 0 | 4 |
_a614.7 _bس م |
| 100 | 1 | _aسميث ، ادوارد غولد | |
| 245 | 1 | 0 |
_aمن اجل البقاء احياء: دراسات شئوون البيئة العالمية / _cادوارد غولد سميث ، روبرت الن |
| 260 |
_a[S.N] : _bطلاس للدراسات والترجمة والنشر ، _c1988 |
||
| 300 | _a259 ص | ||
| 650 | 0 | 4 | _aحماية البيئة |
| 650 | 0 | 4 | _aالتلوث |
| 650 | 0 | 4 | _aالمبيدات |
| 650 | 0 | 4 | _aالاسمدة |
| 700 | 1 | _aسعدالدين خرفان | |
| 700 | 1 | _aروبرت الن | |
| 942 |
_2ddc _cBK |
||
| 999 |
_c51805 _d51805 |
||